| 000 | 00342nam a22001337a 4500 | ||
|---|---|---|---|
| 020 | _a0 297 77346 1 | ||
| 082 | _a951. 050924 WIT | ||
| 100 | _aWITKE, Roxane | ||
| 245 | _aComrade Chiang Ch'ing | ||
| 260 |
_aLondon _bWeidenfled and Nicolson _c1978 |
||
| 300 |
_axxvi, 549 p. _bill.; 24 cm. |
||
| 500 | _aIncludes maps and index | ||
| 942 | _cBK | ||
| 999 |
_c16753 _d16753 |
||